Algerian History Quiz 2025 - Statistics

General Stats
  • This quiz has been taken 70 times
  • The average score is 8 of 15
Answer Stats
Hint Answer % Correct
Year of Independence 1962
97%
Former Territory of..... France
93%
Main Language Arabic
88%
Number of Presidents 5
76%
Capital Algiers
76%
Biggest Enemy Morocco
68%
Closest Ally Tunisia
66%
Main Religion Muslim
58%
Number of Provinces 58
42%
Currency Algerian Dinar
36%
Rank in the Military Charts 25
29%
Current President Abdelmadjid Tebboune
14%
Number of Political Parties 40
10%
Main Export Crude Petroleum
2%
Form of Government Semi-Authoritarian State
2%
No matching quizzes found
Score Distribution
Percent of People with Each Score
Percentile by Number Answered
Your Score History
You have not taken this quiz